Suits Character Slideshow Quiz Stats

 Plays Quiz not verified by Sporcle

Score 0/17 Timer 10:00
0 Plays Today
% Correct
Harvey Specter
96.8%
Rachel Zane
93.5%
Michael Ross
90.3%
Louis Litt
90.3%
Jessica Pearson
87.1%
Donna Paulsen
77.4%
Daniel Hardman
51.6%
Trevor Evans
51.6%
Robert Zane
50%
% Correct
Charles Forstman
46.8%
Katrina Bennett
45.2%
Edward Darby
40.3%
Ava Hessington
37.1%
Jonathan Sidwell
33.9%
Stephen Huntley
33.9%
Sean Cahill
32.3%
Dana 'Scottie' Scott
30.6%

You're not logged in!

Compare scores with friends on all Sporcle quizzes.
OR
Log In

You Might Also Like...

Show Comments

Extras

Created Aug 15, 2015ReportNominate
Tags:suits

Top Quizzes Today


Score Distribution

Your Account Isn't Verified!

In order to create a playlist on Sporcle, you need to verify the email address you used during registration. Go to your Sporcle Settings to finish the process.

Report this User

Report this user for behavior that violates our Community Guidelines.

Details: